| 000 | 00843nam a22002297a 4500 | ||
|---|---|---|---|
| 008 | 140523b xxu||||| |||| 00| 0 eng d | ||
| 041 | 0 | _aeng | |
| 080 | _a355.01 | ||
| 110 | 2 | _aCarnegie Commission on Preventing Deadly Conflict. | |
| 245 | 1 | 0 |
_aPreventing deadly conflict _cCarnegie Commission on Preventing Deadly Conflict. |
| 260 |
_aNew York : _bCarnegie Corp. of New York, _c1997. |
||
| 300 |
_a257 f.: _bme il.; _c27 cm. |
||
| 500 | _aPreface: f. XI-XV | ||
| 500 | _aSelected Bibliography: f. 222-242 | ||
| 505 | _aIndex: f. 243-257 | ||
| 520 | _aExecutive Summary: f. XVII-XVIII | ||
| 650 | 0 |
_aDhuna në politikë _xMbrojtja |
|
| 650 | 0 | _aMenaxhimi i konflikteve | |
| 650 | 0 | _aE drejta ndërkombëtare | |
| 650 | 0 | _2Marrëdhëniet ndërkombëtare | |
| 942 |
_2udc _cBK |
||
| 999 |
_c466 _d466 |
||